02142nam a22002777a 4500003000900000008004100009040007100050082002500121110005500146245006800201260003200269300002900301440006700330505115100397650002101548650002701569650001901596650002901615650002801644700002701672700002701699700002601726700003201752700002501784710005501809AR-CdUCM190425b ||||| |||| 00| 0 spa d aMUNICIPALIDAD PROVINCIAL DEL CUSCOcBIBLIOTECA MUNICIPAL DEL CUSCO aRev.Univ/N°106/1954 aUniversidad Nacional de San Antonio Abad del Cusco aRevista Universitaria :bÓrgano de la Universidad del Cuzco / aCusco :bH.G. Rozas,c1954. a273 páginas. :c20 cm. aRevista UniversitarianAño XLIII, 1° semestre 1954, N°106. aContenido: Figuras cuzqueñas. Luis Felipe Paredes. -- El Cuzco en su trayectoria y sus problemas. Antonio Astete Abrill. -- Dos maestros cuzqueños. Wilbert Salas Rodríguez. -- El Cuzco del incario. Maximiliano Moscoso. -- Luces y contraluces del gran Mariscal Ramón Castilla. Luis Velasco Aragón. -- El libertador Mariscal Castilla y la instrucción en el Perú. Benjamín Rojas Díaz. -- Dimensión humana de José de San Martín. Humberto Vidal Unda. -- Teoría del desarrollo incásico. Carlos Núñez Anavitarte. -- Estudio de la Geografía peruana y la educación. Daniel Heredia. -- Aristóteles y los aspectos de la educación. Raúl Vallejos. -- Leyes genéticas de los elementos químicos. Oswaldo Baca Mendoza. -- La expedición de la de La Combe al Madre de Dios. Agustín Tamayo. -- Escritura fonética del Quechua y del Aymara. Andrés Alencastre. -- Biografía de Julián Santisteban Ochoa. Horacio Villanueba. Documentos del IV Congreso peruano de Química. Colección de autores cuzqueños. Clorinda Matto de Turner. Leyendas, Biografías y hojas sueltas, 2° tomo de Tradiciones Cuzqueñas. aRamón Castilla aJosé de San Martín aIdioma Quechua aClorinda Matto de Turner aTradiciones cusqueñas aAstete Abrill, Antonio aVelasco Aragón, Luis aBaca Mendoza, Oswaldo aVillanueva Urteaga, Horacio aVidal Unda, Humberto aUniversidad Nacional de San Antonio Abad del Cusco